Почувствовать себя русским (Запись № 1247776)

Подробности
000 -МАРКЕР
контрольное поле 01496nam0a2200325 4500
001 - ИДЕНТИФИКАТОР ЗАПИСИ
контрольное поле RU\NLR\bibl\1125681
005 - ИДЕНТИФИКАТОР ВЕРСИИ
контрольное поле 20260405141353.0
010 ## - МЕЖДУНАРОДНЫЙ СТАНДАРТНЫЙ НОМЕР КНИГИ (ISBN)
Номер (ISBN) 978-5-903354-95-5
Тираж 1000
021 ## - НОМЕР ГОСУДАРСТВЕННОЙ РЕГИСТРАЦИИ
Код страны Российская Федерация
Номер 2007-92780
Номер Листа государственной регистраци 5014
035 ## - ДРУГИЕ СИСТЕМНЫЕ НОМЕРА
Идентификатор записи (NLR Aleph) 001112624
100 ## - ДАННЫЕ ОБЩЕЙ ОБРАБОТКИ
Данные общей обработки 20070907d2007 |||y0rusy50 ca
101 0# - ЯЗЫК РЕСУРСА
Язык текста, звукозаписи и т.д. русский
102 ## - СТРАНА ПУБЛИКАЦИИ ИЛИ ПРОИЗВОДСТВА
Страна публикации Российская Федерация
105 ## - ПОЛЕ КОДИРОВАННЫХ ДАННЫХ: ТЕКСТОВЫЕ МАТЕРИАЛЫ, МОНОГРАФИЧЕСКИЕ
Кодированные данные о монографическом текстовом документе a |||||||||
200 1# - ЗАГЛАВИЕ И СВЕДЕНИЯ ОБ ОТВЕТСТВЕННОСТИ
Основное заглавие Почувствовать себя русским
Первые сведения об ответственности В.В. Богданов, С.В. Ларионов
210 ## - ПУБЛИКАЦИЯ, РАСПРОСТРАНЕНИЕ И ДР.
Место издания, распространения и т.д. Санкт-Петербург
Имя издателя, распространителя и т. д. Алетейя
-- Историческая книга
Дата издания, распространения и т.д. 2007
215 ## - ФИЗИЧЕСКАЯ ХАРАКТЕРИСТИКА
Специфическое обозначение материала и объем 396,[1] с.
Размеры 21
225 1# - СЕРИЯ
Основное заглавие серии Левиафан
Сведения, относящиеся к заглавию государство. Общество. Личность
300 ## - ОБЩИЕ ПРИМЕЧАНИЯ
Текст примечания На 4-й с. обл. 1-й авт.: Богданов В.В. д.т.н. и психол.н., проф., д.чл. четырех академий
607 ## - ГЕОГРАФИЧЕСКОЕ НАИМЕНОВАНИЕ КАК ПРЕДМЕТ
Географическое наименование Россия
Формальный подзаголовок Популярные издания
Тематический подзаголовок История
Системный номер авторитетной/нормативной записи 1554184
Идентификатор авторитетной/нормативной записи RU\NLR\auth\66979780
686 ## - ИНДЕКСЫ ДРУГИХ КЛАССИФИКАЦИЙ
Индекс Т3(2)я9
700 #1 - ИМЯ ЛИЦА - ПЕРВИЧНАЯ ОТВЕТСТВЕННОСТЬ
Код отношения Автор
Материалы, к которым относится поле rus
Графика поля Кириллица
Начальный элемент ввода Богданов
Часть имени, кроме начального элемента ввода В. В.
Дополнения к именам, кроме дат д-р техн. наук, писатель
Расширение инициалов личного имени Валерий Владимирович
Идентификатор авторитетной/нормативной записи RU\NLR\auth\7757442
Системный номер авторитетной/нормативной записи 40374
701 #1 - ИМЯ ЛИЦА - АЛЬТЕРНАТИВНАЯ ОТВЕТСТВЕННОСТЬ
Код отношения Автор
Материалы, к которым относится поле rus
Графика поля Кириллица
Начальный элемент ввода Ларионов
Часть имени, кроме начального элемента ввода С. В.
Дополнения к именам, кроме дат писатель
Даты 1951-
Расширение инициалов личного имени Сергей Владимирович
Идентификатор авторитетной/нормативной записи RU\NLR\auth\7757455
Системный номер авторитетной/нормативной записи 40387
801 #0 - ИСТОЧНИК ЗАПИСИ
Страна Российская Федерация
Организация NLR
Дата составления 20070907
Правила каталогизации RCR
801 #1 - ИСТОЧНИК ЗАПИСИ
Страна Российская Федерация
Организация NLR
Дата составления 20070907
830 ## - ОБЩЕЕ ПРИМЕЧАНИЕ, СОСТАВЛЕННОЕ КАТАЛОГИЗАТОРОМ
Текст примечания авт. по кн.
942 ## - ДОПОЛНИТЕЛЬНЫЕ ЭЛЕМЕНТЫ ЗАПИСИ (АБИС)
Тип экземпляра АБИС Книга
980 ## - КОЛЛЕКЦИЯ
Название коллекции Национальная библиография
Экземпляры
Тип экземпляра Дата поступления Источник поступления Стоимость Библиотека постоянного хранения Библиотека текущего хранения Место хранения Шифр хранения Штрих-код Статус экземпляра
Книга 07.09.2007 Покупка 286.00 РНБ (Московский) РНБ (Московский) Русский книжный фонд: издания с 1957 года 2007-3/24788 2501583  
Книга 19.02.2008 Обязательный экземпляр   РНБ (Московский) РНБ (Московский) Русский книжный фонд: издания с 1957 года 2007-3/24788 2610917  
Книга 07.09.2007 Обязательный экземпляр   РНБ (Садовая) РНБ (Садовая) Фонд международного книгообмена   2501584